Hauptstädte, die auf 'n' enden - Statistiken

Allgemein
  • Dieses Quiz wurde 261 mal gespielt
  • Das Durchschnittsergebnis liegt bei 8 aus 22
Antwortstatistiken
Hauptstadt Land % Korrekt
Berlin Deutschland
93%
Lissabon Portugal
74%
London Vereinigtes Königreich
74%
Wien Österreich
72%
Tallinn Estland
69%
Kopenhagen Dänemark (Färöer, Grönland)
66%
Athen Griechenland
64%
Dublin Irland
62%
Teheran Iran
39%
Wellington Neuseeland
39%
Amman Jordanien
28%
Jerewan Armenien
21%
Belmopan Belize
18%
Kingston Jamaika
18%
Georgetown Guyana
16%
Asunción Paraguay
15%
Freetown Sierra Leone
15%
Kingstown St. Vincent und die Grenadinen
12%
Bridgetown Barbados
10%
Bloemfontein Südafrika
8%
Port of Spain Trinidad und Tobago
7%
Bandar Seri Begawan Brunei
6%
Keine übereinstimmenden Quizze gefunden
Verteilung der Resultate
Anzahl Personen mit jedem Resultat
Perzentil nach korrekt beantworteten Fragen
Ihre Resultats-Entwicklung
Sie haben dieses Quiz noch nicht gespielt